| 000 | 01603cam a22004457a 4500 | ||
|---|---|---|---|
| 001 | 000092909 | ||
| 003 | CHAP | ||
| 005 | 20220329142910.0 | ||
| 008 | 050121d2004 mx r 00110 spa d | ||
| 010 | _a89375 | ||
| 011 | _a90347 | ||
| 035 | _a100903 | ||
| 040 | _cCHAP | ||
| 090 | _aTesis | ||
| 100 | 0 | 0 |
_aRoblero Torres, Santos Edélmax. _998055 |
| 245 | 1 | 0 |
_aEvaluación técnico-financiera de una unidad integral de producción de café orgánico : _bproyecto de inversión / _c/por Santos Edélmax Roblero Torres. |
| 260 |
_aChapingo, Méx. : _bEl autor, _c2004. |
||
| 300 | _a127 h. | ||
| 502 | _aTesis (Ing. Agr. Esp. en Suelos) - - UACH. Departamento de Suelos | ||
| 590 |
_aALEPH _b10 _c20130110 _lUCH01 _h1503 |
||
| 590 |
_aBATCH-UPD _b10 _c20130110 _lUCH01 _h0824 |
||
| 590 |
_aBATCH-UPD _b10 _c20130410 _lUCH01 _h0501 |
||
| 590 |
_aBATCH-UPD _b10 _c20130914 _lUCH01 _h0808 |
||
| 590 |
_aBATCH-UPD _b10 _c20140324 _lUCH01 _h1448 |
||
| 590 |
_aBATCH-UPD _b10 _c20141002 _lUCH01 _h0824 |
||
| 590 |
_aCONVERSION _b10 _c20130109 _lUCH01 _h1350 |
||
| 590 |
_aE792CSJ _b10 _c20130621 _lUCH01 _h1022 |
||
| 650 | 1 | 4 |
_aCafé orgánico. _917217 |
| 650 | 1 | 4 |
_aCafé _xAspectos económicos. _917090 |
| 650 | 1 | 4 |
_aCafé _xIndustria. _917157 |
| 650 | 1 | 4 |
_aCafé _xProcesado. _917188 |
| 650 | 1 | 4 |
_aProyectos de desarrollo. _992528 |
| 856 |
_3Finding aid _uhttp://10.13.5.2/tesis/100903.pdf _zTeclea aquí |
||
| 901 | _aBK | ||
| 905 | _aLilia | ||
| 942 | _cCD | ||
| 942 | _n0 | ||
| 949 |
_aTesis _bBC _cTES _d100903 _eTS1 _h43254 _i100903 _sb |
||
| 949 |
_aTesis _bBC _cTES _d33724000932307 _eTS2 _fc.2 _h43255 _i100903 _si |
||
| 999 |
_c89375 _d89375 |
||